[Event "ch-AZE"]
[Site "Baku AZE"]
[Date "2011.01.28"]
[Round "8.3"]
[White "Abdulov,Or"]
[Black "Mirzoev,A"]
[Result "0-1"]
[WhiteElo "2334"]
[BlackElo "2563"]

1.e4 d6 2.d4 g6 3.Nc3 Bg7 4.f4 a6 5.a4 Nc6 6.Be3 Nf6 7.Be2 O-O 8.e5 dxe5
9.fxe5 Nd5 10.Nxd5 Qxd5 11.Bf3 Qc4 12.Qe2 Qxe2+ 13.Nxe2 Na5 14.Bg5 Re8 15.b4 Nc6
16.c3 Nd8 17.O-O c6 18.Ng3 Be6 19.Ne4 Bc4 20.Rfe1 a5 21.Nc5 Ra7 22.bxa5 Ne6
23.Nxe6 Bxe6 24.Bd2 Rxa5 25.c4 Ra6 26.d5 Bc8 27.a5 h5 28.Rab1 Rd8 29.Bb4 Bf8
30.Bc3 cxd5 31.cxd5 Bg4 32.Be4 Bf5 33.Bxf5 gxf5 34.Red1 Rd7 35.Rd3 e6 36.Rg3+ Kh7
37.d6 f6 38.exf6 Raxd6 39.Kf2 Rc6 40.Ke2 Rc4 41.Kf1 h4 42.Rf3 Kg6 43.Be5 Re4
44.Bc3 e5 45.Be1 Kxf6 46.Rfb3 Ra4 47.Rb6+ Kg5 48.Rxb7 Rxb7 49.Rxb7 h3 50.Bd2+ Kg4
51.gxh3+ Kf3 52.Rb3+ Ke4 53.h4 f4 54.h5 Ra2 55.Ke1 Kf5 56.Rb8 Bh6 57.Rb5 Bg7
58.Rb4 Bf6 59.Rb3 Kg4 60.Rb4 Kf3 61.Kd1 e4 62.Rb3+ e3 63.Be1 Ra1+  0-1

[Event "Oceania Zonal"]
[Site "Rotorua NZL"]
[Date "2011.01.28"]
[Round "5.23"]
[White "Tan,Ju2"]
[Black "Dolejs,D"]
[Result "0-1"]
[WhiteElo "2161"]
[BlackElo "1892"]

1.e4 g6 2.d4 Bg7 3.Nc3 d6 4.f4 e6 5.Nf3 Ne7 6.Bd3 O-O 7.Be3 b6 8.Qe2 c5 9.O-O-O cxd4
10.Bxd4 Nbc6 11.Bxg7 Kxg7 12.g4 a6 13.Rdg1 Nb4 14.Bc4 d5 15.exd5 Nexd5 16.Rd1 Nxf4
17.Qe4 Nfd5 18.Rd4 Bb7 19.a3 b5 20.axb4 bxc4 21.Rxc4 Qb6 22.Qe5+ f6 23.Nxd5 Bxd5
24.Qc7+ Qxc7 25.Rxc7+ Rf7 26.Rc3 Rb7 27.Rf1 Rxb4 28.Rc7+ Kg8 29.Ng5 fxg5
30.Rff7 e5 31.Rfd7 Rc4 32.Rg7+ Kf8 33.Rcd7 Rac8 34.c3 Be6 35.Ra7 Rxg4  0-1

[Event "Oceania Zonal"]
[Site "Rotorua NZL"]
[Date "2011.01.28"]
[Round "6.4"]
[White "Smerdon,D"]
[Black "Reilly,T"]
[Result "1-0"]
[WhiteElo "2531"]
[BlackElo "2276"]

1.e4 d6 2.d4 g6 3.Nc3 Bg7 4.Be3 a6 5.f4 b5 6.Bd3 Bb7 7.Nf3 Nf6 8.e5 Ng4 9.Bg1 O-O
10.Qe2 Qc8 11.O-O-O f5 12.h3 Nh6 13.a4 c6 14.h4 b4 15.Na2 a5 16.h5 Na6 17.Ng5 Nc7
18.Be3 Nd5 19.hxg6 hxg6 20.Rh4 Ba6 21.Rdh1 Ng4 22.Qf3  1-0

[Event "TCh-CAT Div Hon"]
[Site "Barcelona ESP"]
[Date "2011.01.29"]
[Round "1"]
[White "Bravo Barranco,N"]
[Black "Rosich Valles,A"]
[Result "1-0"]
[WhiteElo "2248"]
[BlackElo "2366"]

1.e4 g6 2.d4 Bg7 3.Nc3 d6 4.Be3 c6 5.Qd2 Qa5 6.f3 e5 7.Nge2 b5 8.dxe5 b4
9.Nd1 dxe5 10.a3 Na6 11.Nc1 Be6 12.Bxa6 Qxa6 13.Qxb4 Nf6 14.Nd3 Nd7 15.O-O Rb8
16.Qc3 Qb7 17.Nc5 Nxc5 18.Bxc5 f6 19.b3 Kf7 20.Nf2 Rhd8 21.Nd3 Rd7 22.Bb4 Qb6+
23.Rf2 Qd4 24.Qxd4 Rxd4 25.Bc5 Rd7 26.Be3 Bf8 27.b4 Ra8 28.f4 exf4 29.Bxf4 Kg8
30.Be3 Re8 31.Re1 Bc4 32.Rxf6 Rxe4 33.Rxf8+  1-0

[Event "Frauenbundesliga 1st Div 2010-11"]
[Site "Germany GER"]
[Date "2011.01.29"]
[Round "6.2"]
[White "Endress,A"]
[Black "Reizniece,D"]
[Result "0-1"]
[WhiteElo "2160"]
[BlackElo "2278"]

1.e4 d6 2.d4 g6 3.Nc3 Bg7 4.Be3 c6 5.Qd2 Nd7 6.O-O-O Qc7 7.f4 b5 8.Bd3 Nb6
9.Nf3 b4 10.Ne2 a5 11.c4 bxc3 12.Nxc3 Nf6 13.Kb1 O-O 14.f5 Ba6 15.Bxa6 Rxa6
16.fxg6 hxg6 17.Qe2 Qb7 18.Bc1 a4 19.a3 Ra5 20.h4 c5 21.e5 Nfd5 22.Nxd5 Nxd5
23.Qe1 Rb5 24.h5 Rb8 25.Rd2 Nc3+ 26.Kc2 Rxb2+ 27.Bxb2 Qxb2+ 28.Kd3 c4+ 29.Ke3 Bh6+
30.Kf2 Bxd2 31.Nxd2 Nb1  0-1

[Event "16th HIT Open"]
[Site "Nova Gorica SLO"]
[Date "2011.01.29"]
[Round "2"]
[White "Skok,J"]
[Black "Gombac,Jan"]
[Result "0-1"]
[WhiteElo "2029"]
[BlackElo "2280"]

1.e4 g6 2.d4 Bg7 3.Nc3 d6 4.Bc4 Nf6 5.Qe2 e5 6.dxe5 dxe5 7.Bg5 c6 8.a4 O-O
9.Nf3 Qe7 10.O-O a5 11.h3 h6 12.Bh4 Nbd7 13.Rad1 Qb4 14.Bb3 Re8 15.Qc4 Qxc4
16.Bxc4 Nc5 17.Rfe1 Nh5 18.Bg3 Nxg3 19.fxg3 Ne6 20.Rd2 Nd4 21.Rf2 Be6 22.Bxe6 Rxe6
23.Rd2 Bf8 24.Ne2 Nxe2+ 25.Rexe2 b5 26.axb5 cxb5 27.Rd5 Rb6 28.Nxe5 a4 29.Nd7 Rb7
30.Nxf8 b4 31.Rd1 Kxf8 32.Ra1 Ke7 33.Rd2 Ke6 34.Kf2 a3 35.bxa3 bxa3 36.Rd3 a2
37.Rb3 Rxb3 38.cxb3 Kd6 39.b4 Kc6 40.Ke3 Kb5 41.Kd4 Kxb4 42.Ke5 Ra6 43.g4 f6+
44.Kf4 Ra5 45.h4 g5+ 46.hxg5 hxg5+ 47.Ke3 Kb3 48.Kd4 Kb2  0-1

[Event "Oceania Zonal"]
[Site "Rotorua NZL"]
[Date "2011.01.29"]
[Round "7.21"]
[White "Press,S"]
[Black "Dolejs,D"]
[Result "1-0"]
[WhiteElo "2067"]
[BlackElo "1892"]

1.e4 g6 2.d4 Bg7 3.Nc3 d6 4.Be3 b6 5.Qd2 Nf6 6.Bh6 O-O 7.h4 e5 8.Bxg7 Kxg7
9.O-O-O exd4 10.Qxd4 Nc6 11.Qd2 Qe7 12.f3 Be6 13.h5 Nxh5 14.g4 Nf6 15.Qh6+ Kh8
16.e5 Nxe5 17.Ne4 Nh5 18.gxh5 Bf5 19.Ng3 f6 20.Nxf5 gxf5 21.Qf4 Qe6 22.Kb1 a5
23.Ne2 a4 24.Qe3 a3 25.Nf4 Qf7 26.Ng6+ Kg8 27.Nxf8 axb2 28.Qb3 Qxb3 29.cxb3 Kxf8
30.Bd3 Nxf3 31.Bxf5 Ng5 32.Kxb2 Kg7 33.h6+ Kf7 34.Rc1 Ra7 35.Rhg1 Kg8 36.Rce1 Kf8
37.Re3 d5 38.Rd3 c6 39.Rc1 Rc7 40.Rxd5 Nf7 41.Bxh7 Nxh6 42.Bd3 Ng4 43.Rh5 Ne5
44.Bf5 Rg7 45.Rh8+ Kf7 46.Rh7 Rxh7 47.Bxh7 Ke6 48.Rf1 Ke7 49.Kc3 Ng4 50.Rf4 Ne5
51.Kd4 Kf7 52.a4 Kg7 53.Be4 Kf7 54.Rf5 Ke6 55.Rh5 Kd6 56.Rh8 Ke7 57.a5 bxa5
58.Kc5 Ke6 59.Re8+ Kd7 60.Rxe5 fxe5 61.Bxc6+ Kc7 62.Kb5 Kb8 63.Kxa5 Kc7 64.Be4 Kd6
65.b4 Kc7 66.Ka6 Kc8 67.Ka7  1-0

[Event "TCh-HUN 2010-11"]
[Site "Budapest HUN"]
[Date "2011.01.30"]
[Round "5"]
[White "Meszaros,T"]
[Black "Popovics,A"]
[Result "1/2-1/2"]
[WhiteElo "2448"]
[BlackElo "2402"]

1.e4 g6 2.d4 Bg7 3.Nc3 d6 4.Be3 a6 5.f4 b5 6.Nf3 Nd7 7.Bd3 c5 8.dxc5 Nxc5
9.Bd4 Bxd4 10.Nxd4 Nf6 11.Qe2 Nxd3+ 12.Qxd3 Bb7 13.e5 dxe5 14.fxe5 Ng4 15.e6 f5
16.Qd2 b4 17.Nce2 Qd6 18.h3 Nf6 19.O-O Qd5 20.Nf4 Qc5 21.a3 Rd8 22.Rfd1 bxa3
23.Rxa3 Ne4 24.Qe3 g5 25.Nfe2 f4 26.Qb3 Ng3 27.Kf2 Nxe2 28.Kxe2 Bxg2 29.Qa4+ Kf8
30.Qa5 Qc4+ 31.Kf2 Rxd4 32.Qf5+ Ke8 33.Qf7+ Kd8 34.Rxd4+ Qxd4+ 35.Kxg2 Qe4+
36.Kf1 Qxc2 37.Qg7 Qd1+ 38.Kf2 Qd2+ 39.Kf1 Qd1+ 40.Kf2 Qd2+ 41.Kf1 Qd1+  1/2-1/2

[Event "Gibraltar Masters"]
[Site "Caleta ENG"]
[Date "2011.01.30"]
[Round "6.44"]
[White "McKenna,Jas"]
[Black "Karim,I"]
[Result "0-1"]
[WhiteElo "2062"]
[BlackElo "2375"]

1.e4 g6 2.d4 d6 3.Nc3 Bg7 4.Nf3 Nf6 5.Be2 O-O 6.O-O c6 7.a4 Qc7 8.h3 Nbd7
9.Be3 b6 10.Qd2 Bb7 11.Rfe1 Rfe8 12.Rad1 e5 13.dxe5 dxe5 14.Bc4 a6 15.Qd6 Qxd6
16.Rxd6 b5 17.axb5 axb5 18.Bb3 Bf8 19.Rdd1 Nc5 20.Bg5 Kg7 21.Nd2 Nfd7 22.Ra1 h6
23.Be3 Nf6 24.f3 Nh5 25.Kh2 Be7 26.Red1 Red8 27.Rxa8 Rxa8 28.Ne2 Rd8 29.Ra1 Na6
30.Nf1 Bc5 31.Bxc5 Nxc5 32.Ra7 Rd1 33.Nfg3 Nxg3 34.Kxg3 Rd2 35.Nc3 Nxb3 36.cxb3 Bc8
37.Rc7 Bd7 38.Nd5 Be8 39.Nb6 Kf8 40.Nc8 Bd7 41.Nb6 Be6 42.Rxc6 Rxb2 43.Rc5 Rxb3
44.Rxe5 Ke7 45.Rc5 Kd6 46.Rc2 Ra3 47.Nc8+ Ke5 48.Ne7 Bc4 49.Nc6+ Kd6 50.Nb4 Ra4
51.Nd5 Kc5 52.Kf4 Kd4 53.Rd2+ Kc5 54.Ke5 Ra6 55.h4 b4 56.Ne3 b3 57.Nd1 Rb6
58.Nb2 Ra6 59.Nd1 Be6 60.f4 Bc4 61.f5 g5 62.hxg5 hxg5 63.f6 Be6 64.Nb2 Ra2
65.Rf2 Rxb2 66.Rxb2 Kc4 67.Rb1 Kc3 68.Rc1+ Kd3 69.Rd1+ Kc2 70.Rd6 Bc4 71.Rc6 Kc3
72.Rb6 b2 73.Rxb2 Kxb2 74.Kf5 Bd3 75.Ke5 Kc3 76.Kd5 Bc4+  0-1

[Event "Gibraltar Masters"]
[Site "Caleta ENG"]
[Date "2011.01.30"]
[Round "6.54"]
[White "Jones,RS"]
[Black "Hvenekilde,J"]
[Result "1-0"]
[WhiteElo "2361"]
[BlackElo "2121"]

1.e4 g6 2.d4 Bg7 3.Nc3 d6 4.f4 e6 5.Nf3 Ne7 6.Bd3 a6 7.a4 b6 8.O-O c5 9.Ne2 O-O
10.c3 f5 11.e5 d5 12.dxc5 bxc5 13.Be3 Qc7 14.Qe1 h6 15.b4 Nd7 16.Rc1 Rf7
17.Qf2 Bb7 18.Bxc5 Nxc5 19.Qxc5 Qxc5+ 20.bxc5 Nc6 21.Nfd4 Nd8 22.c4 Bf8 23.c6 Nxc6
24.Nxe6 Nb4 25.Bb1 dxc4 26.Nxf8 Kxf8 27.Rxc4 a5 28.Rc5 Ba6 29.Re1 Rd7 30.e6 Rd2
31.Ng3 Rc8 32.e7+ Ke8 33.Nxf5  1-0

[Event "Gibraltar Masters"]
[Site "Caleta ENG"]
[Date "2011.01.30"]
[Round "6.61"]
[White "Carlsten,P"]
[Black "Tate,A"]
[Result "1/2-1/2"]
[WhiteElo "2110"]
[BlackElo "2292"]

1.e4 g6 2.d4 Bg7 3.Nc3 d6 4.Be3 a6 5.Nf3 b5 6.Bd3 Bb7 7.a3 Nd7 8.O-O Rc8
9.Re1 c5 10.h3 Ngf6 11.d5 O-O 12.Qd2 Re8 13.Bh6 Bh8 14.Bg5 Qb6 15.Be3 Qc7
16.Bf4 Rcd8 17.Bf1 Nb6 18.Rad1 Nfd7 19.b3 Nf6 20.g4 h5 21.g5 Nfd7 22.h4 Ne5
23.Bxe5 dxe5 24.Qe3 Bc8 25.Nd2 e6 26.dxe6 Bxe6 27.Bg2 Rd4 28.Ne2 Rd6 29.Nb1 Red8
30.Rxd6 Rxd6 31.Nec3 Bg7 32.Rd1 Rd4 33.Rd2 Bf8 34.Ne2 Rxd2 35.Qxd2 Be7 36.Nbc3 b4
37.axb4 cxb4 38.Nd1 a5 39.Ne3 Kg7 40.Nd5 Nxd5 41.exd5 Bf5 42.c4 bxc3 43.Qxc3 Qxc3
44.Nxc3 Bc2 45.Ne4 Bxb3 46.d6 Bd8 47.Nc5 a4 48.Bc6 Bb6 49.d7 Kf8  1/2-1/2

[Event "Moscow Open F Women"]
[Site "Moscow RUS"]
[Date "2011.01.30"]
[Round "2.40"]
[White "Morozova,Ulia"]
[Black "Khobotova,O"]
[Result "1-0"]
[WhiteElo "1724"]
[BlackElo "1991"]

1.e4 g6 2.d4 Bg7 3.Nc3 d6 4.f4 e6 5.Nf3 Ne7 6.Be3 O-O 7.Qd2 h6 8.Bd3 Kh7
9.O-O-O a6 10.g4 b5 11.h4 c5 12.dxc5 dxc5 13.Bxc5 Nd7 14.Be3 b4 15.Ne2 Qa5
16.Kb1 Nc5 17.h5 e5 18.hxg6+ fxg6 19.f5 gxf5 20.Bxh6 Qb6 21.Bg5+ Kg8 22.Bxe7 fxg4
23.Bxf8 gxf3 24.Bxg7 Kxg7 25.Rdg1+ Kf8 26.Rh8+ Kf7 27.Bc4+ Ne6 28.Qh6 Ke7
29.Rh7+ Kd6 30.Qd2+ Nd4 31.Rg6+ Kc5 32.Rxb6 fxe2 33.Qxb4+  1-0

[Event "Moscow Open E"]
[Site "Moscow RUS"]
[Date "2011.01.30"]
[Round "2"]
[White "Frolyanov,D"]
[Black "Kondenko,A"]
[Result "1-0"]
[WhiteElo "2616"]
[BlackElo "2254"]

1.e4 d6 2.d4 g6 3.Nc3 Bg7 4.Be3 a6 5.Qd2 Nd7 6.Nf3 b5 7.Bd3 c5 8.dxc5 Nxc5
9.O-O Nxd3 10.cxd3 Nf6 11.Bh6 O-O 12.h3 Bb7 13.Ne2 Rc8 14.Ng3 Qd7 15.Rfe1 Rfe8
16.d4 Bh8 17.Qf4 e5 18.Qh4 exd4 19.Bg5 Re6 20.Nxd4 Rc4 21.Nxe6 Qxe6 22.Rad1 Ne8
23.b3 Rc2 24.Rd2 Rc8 25.Rde2 Bc3 26.Bd2 Be5 27.Qg5 Nf6 28.Qe3 Nd7 29.Rc1 Re8
30.Bc3 Bxc3 31.Qxc3 Rc8 32.Qd2 Rc5 33.Rd1 Rc6 34.Re3 h5 35.Rd3  1-0

[Event "Gibraltar Masters"]
[Site "Caleta ENG"]
[Date "2011.02.01"]
[Round "8.108"]
[White "Lochte,S"]
[Black "Matto,M"]
[Result "1-0"]
[WhiteElo "2015"]
[BlackElo "1838"]

1.e4 d6 2.d4 g6 3.Nc3 Bg7 4.Be3 c6 5.Be2 Nd7 6.f4 e6 7.Nf3 Qe7 8.Qd2 a6 9.a4 h6
10.e5 d5 11.a5 Qd8 12.Bd3 Ne7 13.Ne2 Nf5 14.Bf2 Bf8 15.g4 Ng7 16.Ng3 b5 17.f5 gxf5
18.gxf5 exf5 19.Nxf5 Nxf5 20.Bxf5 Qe7 21.O-O-O h5 22.Rde1 Bh6 23.Be3 Bxe3
24.Rxe3 Nb6 25.e6 Nc4 26.exf7+ Kf8 27.Rxe7 Nxd2 28.Re8+ Kxf7 29.Rxh8 Nxf3
30.Rxc8 Ra7 31.c3  1-0

[Event "Gibraltar Masters"]
[Site "Caleta ENG"]
[Date "2011.02.01"]
[Round "8.70"]
[White "Garcia de Lomas Guerrero,C"]
[Black "Andreasen,P"]
[Result "1/2-1/2"]
[WhiteElo "1940"]
[BlackElo "2239"]

1.e4 g6 2.d4 Bg7 3.Nc3 d6 4.f4 a6 5.Nf3 b5 6.Bd3 Nd7 7.e5 c5 8.Be4 Rb8 9.e6 fxe6
10.Ng5 Ndf6 11.dxc5 Nxe4 12.Ncxe4 Nf6 13.cxd6 Nxe4 14.Nxe4 O-O 15.O-O Bb7
16.Ng5 Qb6+ 17.Kh1 Rfd8 18.d7 Bd5 19.Qg4 Rxd7 20.Qg3 Rbd8 21.Be3 Qc6 22.c3 a5
23.a3 Bc4 24.Rfe1 b4 25.axb4 axb4 26.cxb4 Bxb2 27.Rab1 Bc3 28.Rg1 Rd3 29.Qh4 h5
30.Bc5 Bf6 31.Rbc1 Bd5 32.Qf2 Qb7 33.Rce1 Bxg5 34.fxg5 Rf8  1/2-1/2

[Event "Gibraltar Masters"]
[Site "Caleta ENG"]
[Date "2011.02.01"]
[Round "8.56"]
[White "Bergstrom,R"]
[Black "Hvenekilde,J"]
[Result "1-0"]
[WhiteElo "2307"]
[BlackElo "2121"]

1.e4 g6 2.d4 Bg7 3.Nc3 d6 4.Be3 a6 5.Qd2 h6 6.h4 e6 7.f4 b5 8.h5 gxh5 9.Bd3 Bb7
10.Nf3 Nf6 11.e5 b4 12.Ne2 Nd5 13.Ng3 f5 14.Nxh5 Bf8 15.Bf2 Rg8 16.Bh4 Be7
17.O-O-O Bxh4 18.Rxh4 Nc6 19.Bc4 Nce7 20.Nf6+ Nxf6 21.exf6 Nd5 22.Rxh6 Qd7
23.Ng5 O-O-O 24.Re1 Rdf8 25.f7 Rxg5 26.fxg5  1-0

[Event "Gibraltar Masters"]
[Site "Caleta ENG"]
[Date "2011.02.01"]
[Round "8.57"]
[White "Lochte,T"]
[Black "Piasetski,L"]
[Result "1-0"]
[WhiteElo "2173"]
[BlackElo "2303"]

1.e4 g6 2.d4 Bg7 3.Nc3 d6 4.Be2 a6 5.Be3 b5 6.a3 Bb7 7.Bf3 Nd7 8.Nge2 Rc8
9.O-O c5 10.Qd2 cxd4 11.Nxd4 Ne5 12.Be2 Nf6 13.Bh6 O-O 14.Bxg7 Kxg7 15.f3 Nc4
16.Bxc4 Rxc4 17.Rad1 Qc7 18.Rfe1 Rc8 19.Nce2 Kh8 20.c3 d5 21.exd5 Nxd5 22.Qh6 e5
23.Nc2 Qb6+ 24.Kh1 Qf2 25.Qh3 e4 26.Qg3 Qxg3 27.hxg3 a5 28.Ned4 exf3 29.gxf3 b4
30.axb4 axb4 31.Nxb4 Nxb4 32.cxb4 Rxb4 33.Rd2 Kg7 34.Kg2 Rxd4 35.Rxd4 Rc2+
36.Kg1 Bxf3 37.b4 h5 38.Re3 Bg4 39.Rb3 Be6 40.Rb1 Ba2 41.Rbd1 Bc4 42.R1d2 Rc3
43.Kf2 Kf6 44.Rf4+ Ke5 45.Rb2 f5 46.b5 Bd5 47.b6 g5 48.Ra4 h4 49.b7 hxg3+
50.Ke2 Bf3+ 51.Kd2 Bxb7 52.Kxc3 g2 53.Ra1 Be4 54.Kd2 Kf4 55.Ke2 Kg3 56.Rb3+ Kh2
57.Kf2 g4 58.Rg3 Bf3 59.Ra7  1-0

[Event "Gibraltar Masters"]
[Site "Caleta ENG"]
[Date "2011.02.01"]
[Round "8.71"]
[White "Spence,D"]
[Black "Fairbairn,S"]
[Result "1-0"]
[WhiteElo "2231"]
[BlackElo "2058"]

1.e4 d6 2.d4 g6 3.Nc3 Bg7 4.Bg5 a6 5.Nf3 b5 6.Bd3 Bb7 7.a4 c6 8.O-O Nd7 9.Ne2 Nb6
10.axb5 axb5 11.Rxa8 Bxa8 12.b3 Nf6 13.Ng3 O-O 14.Qc1 c5 15.dxc5 dxc5 16.Bxb5 Nxe4
17.Nxe4 Bxe4 18.Qe3 Qd5 19.Bxe7 Rc8 20.c4 Qb7 21.Bxc5 Bxf3 22.gxf3 Nd7 23.Bd6 Nf6
24.Re1 Bf8 25.Bxf8 Rxf8 26.Rd1 Nh5 27.Ba4 Ng7 28.c5 Nf5 29.Qe4 Qc7 30.b4 Rd8
31.Rxd8+ Qxd8 32.Qe8+  1-0

[Event "16th HIT Open"]
[Site "Nova Gorica SLO"]
[Date "2011.02.01"]
[Round "7"]
[White "Bratkovic,Sham"]
[Black "Vodopivec,V"]
[Result "0-1"]
[WhiteElo "1706"]
[BlackElo "2009"]

1.e4 g6 2.d4 Bg7 3.Nc3 d6 4.f4 Nf6 5.Nf3 O-O 6.Be3 c5 7.dxc5 Qa5 8.Qd2 dxc5
9.O-O-O Nc6 10.e5 Ng4 11.Bg1 Be6 12.h3 Rad8 13.Qe1 Nh6 14.g4 Rxd1+ 15.Qxd1 Rd8
16.Qe1 Bxa2 17.Be3 Nb4 18.Bb5 Bd5 19.Nd2 Qa1+ 20.Ndb1 Na2+ 21.Kd2 Bxh1+ 22.Ke2 Nxc3+  0-1

[Event "Gibraltar Masters"]
[Site "Caleta ENG"]
[Date "2011.02.03"]
[Round "10.77"]
[White "Winkler,St1"]
[Black "Hvenekilde,J"]
[Result "0-1"]
[WhiteElo "1867"]
[BlackElo "2121"]

1.e4 g6 2.d4 Bg7 3.Nc3 d6 4.f4 e6 5.Nf3 a6 6.Be3 Ne7 7.Qd2 Nd7 8.Bd3 h6 9.O-O-O b5
10.g4 Bb7 11.Rdf1 c5 12.f5 c4 13.fxe6 fxe6 14.e5 cxd3 15.exd6 Nc8 16.d5 Nxd6
17.Nd4 Nc4 18.Qxd3 Nde5 19.Qe2 Bxd5 20.Rhg1 Nxe3 21.Qxe3 Qg5 22.Rf4 Nc4 23.Qf2 Be5
24.Nxd5 exd5 25.Re1 Kd7 26.Rxe5 Nxe5 27.h4 Qe7 28.Qg2 Kd6 29.h5 Qg5  0-1

[Event "Moscow Open F Women"]
[Site "Moscow RUS"]
[Date "2011.02.03"]
[Round "6.10"]
[White "Daulyte,D"]
[Black "Kharmunova,N"]
[Result "1-0"]
[WhiteElo "2293"]
[BlackElo "2118"]

1.e4 g6 2.d4 Bg7 3.Nc3 d6 4.Bc4 Nf6 5.Qe2 O-O 6.e5 dxe5 7.dxe5 Ng4 8.e6 f5
9.Nf3 Nc6 10.O-O Nd4 11.Nxd4 Qxd4 12.Nd5 Kh8 13.c3 Qe5 14.Qxe5 Nxe5 15.Nxc7 Nxc4
16.Nxa8 Be5 17.Re1 Bd6 18.b3 Ne5 19.Bg5 Nc6 20.Rad1 Rd8 21.g3 Bxe6 22.Rxe6 Rxa8
23.Bf4 Bxf4 24.gxf4 Kg7 25.Rd7 Kf7 26.Re3 Rb8 27.b4 Ke8 28.Rd1 Rc8 29.Rh3 h5
30.Rg3 Kf7 31.Rd7 Rb8 32.b5 Nd8 33.Re3 Ne6 34.c4 Ke8 35.Rd1 Nxf4 36.c5 Rc8
37.Rc1 h4 38.Kf1 e6 39.Ra3 Ra8 40.c6 bxc6 41.bxc6 Kd8 42.c7+ Kc8 43.Ra6 g5
44.Rd6 Kb7 45.c8=Q+ Rxc8 46.Rd7+ Kb8 47.Rxc8+ Kxc8 48.Rxa7 g4 49.Ra3 Kc7
50.Rb3 Nd5 51.a4 Kc6 52.a5 Nc7 53.Ke2 e5 54.Kd3 Kc5 55.Rc3+ Kd6 56.Rc1 e4+
57.Kd4 Ne6+ 58.Ke3 Nc5 59.Rc2 Kd5 60.Ra2 Na6 61.Kf4 Kc6 62.Kxf5 Nb4 63.Rb2 Nd3
64.Rc2+ Kb5 65.Kxe4 Nb4 66.Rb2 Kxa5 67.Rxb4 Kxb4 68.Kf4 g3 69.fxg3 hxg3 70.hxg3 Kc5  1-0

[Event "TCh-CAT Div Hon"]
[Site "Barcelona ESP"]
[Date "2011.02.05"]
[Round "2"]
[White "Perez Manas,B"]
[Black "Pares Vives,N"]
[Result "0-1"]
[WhiteElo "2256"]
[BlackElo "2269"]

1.d4 g6 2.e4 Bg7 3.Nc3 d6 4.h3 Nf6 5.Nf3 O-O 6.Bd3 Nc6 7.O-O e5 8.d5 Ne7
9.a4 c6 10.dxc6 bxc6 11.Re1 a5 12.b3 Qc7 13.Ba3 Bb7 14.Qd2 Rfe8 15.Rad1 Rad8
16.Bf1 d5 17.Qc1 d4 18.Nb1 c5 19.Bd3 Rc8 20.Nbd2 Bh6 21.Qb2 Nd7 22.Bb5 Bc6
23.Bxc6 Nxc6 24.Nc4 Rb8 25.c3 Nb6 26.Qe2 dxc3 27.Nd6 Nd4 28.Nxd4 cxd4 29.Nxe8 Rxe8
30.Bc1 Bf8 31.Kh1 Nd7 32.f4 Nc5 33.Qc4 Ne6 34.Qe2 exf4 35.e5 Qb7 36.Qf2 Qxb3
37.Bxf4 Qd5 38.Bc1 d3 39.Rf1 Nc5 40.Ba3 Rxe5 41.Bxc5 Bxc5 42.Qf6 d2 43.Rb1 Bb4
44.Qa6 Re8  0-1

[Event "ch-TUR"]
[Site "Kemer-Antalya TUR"]
[Date "2011.02.05"]
[Round "1"]
[White "Guven,B"]
[Black "Sertbay,H"]
[Result "1-0"]
[WhiteElo "1809"]
[BlackElo "1996"]

1.e4 g6 2.d4 Bg7 3.Nc3 d6 4.Be3 Nf6 5.f3 c6 6.Qd2 b5 7.g4 a6 8.O-O-O Bb7
9.Bh6 Bxh6 10.Qxh6 Qa5 11.e5 dxe5 12.dxe5 Nd5 13.Qg7 Rf8 14.Nxd5 cxd5 15.Kb1 Nc6
16.e6 fxe6 17.Qxh7 Rc8 18.Qxg6+ Kd7 19.Bd3 Qa4 20.Re1 Rf6 21.Qh7 Nb4 22.a3 Nxd3
23.Qxd3 b4 24.axb4 Qxb4 25.Ne2 Bc6 26.g5 Rff8 27.Nd4 Rb8 28.b3 Bb5 29.Qe3 Rb6
30.Nxe6 Rc8 31.Qxb6  1-0

[Event "1st Open"]
[Site "Cento ITA"]
[Date "2011.02.06"]
[Round "2"]
[White "Brunello,M"]
[Black "Manca,F"]
[Result "0-1"]
[WhiteElo "2155"]
[BlackElo "2384"]

1.e4 g6 2.d4 Bg7 3.Nc3 d6 4.Be3 a6 5.a4 Nf6 6.h3 O-O 7.Nf3 b6 8.Bd3 Nc6 9.O-O Bb7
10.Be2 Nb4 11.Nd2 Re8 12.f4 c5 13.dxc5 bxc5 14.Bf3 Qc7 15.Nc4 Rad8 16.Nd5 Nbxd5
17.exd5 e6 18.dxe6 Rxe6 19.Bd2 Qb8 20.Ra3 Bxf3 21.Qxf3 Ne4 22.Ba5 Rde8 23.Rb3 Qa8
24.Rb6 Bd4+ 25.Kh2 d5 26.Rxe6 fxe6 27.Re1 Rf8 28.c3 Qb8 29.g3 Qb3 30.Qg4 Rf6
31.cxd4 Qxc4 32.Bd8 Qxd4 33.Re2 Rf5 34.Ba5 Qxa4 35.Bc3 Qc4 36.Re1 Qd3 37.Qh4 d4
38.Qd8+ Rf8  0-1

[Event "TCh-BEL 2010-11"]
[Site "Hauset BEL"]
[Date "2011.02.06"]
[Round "8.5"]
[White "Horvath,Ta1"]
[Black "Gryson,W"]
[Result "0-1"]
[WhiteElo "2414"]
[BlackElo "2230"]

1.e4 g6 2.d4 Bg7 3.Nc3 d6 4.Bg5 a6 5.Nf3 Nd7 6.a4 b6 7.Bc4 h6 8.Bh4 Bb7 9.O-O g5
10.Bxg5 d5 11.Bxd5 Bxd5 12.Bxe7 Nxe7 13.Nxd5 O-O 14.Nf4 Ng6 15.Nh5 Nf6 16.Nxg7 Kxg7
17.Re1 Qd7 18.c4 Rfe8 19.e5 Nh7 20.Ra3 Rad8 21.Rae3 Ng5 22.Nxg5 hxg5 23.d5 Re7
24.e6 Rxe6 25.Rxe6 fxe6 26.Qg4 exd5 27.Qxg5 Re8 28.Rf1 d4 29.f4 Qe7 30.Qg4 Qe3+
31.Kh1 Qxf4 32.Qd7+ Kh6  0-1

[Event "75th ch-BUL Semi-Final"]
[Site "Plovdiv BUL"]
[Date "2011.02.07"]
[Round "1"]
[White "Ljangov,P"]
[Black "Bratanov,Z"]
[Result "1/2-1/2"]
[WhiteElo "2094"]
[BlackElo "2467"]

1.d4 g6 2.e4 Bg7 3.Nc3 d6 4.Nge2 a6 5.a4 Nc6 6.Be3 e5 7.Qd2 Nf6 8.h3 O-O
9.dxe5 Nxe5 10.Ng3 Re8 11.Be2 b6 12.O-O Bb7 13.f4 Ned7 14.Bf3 Rb8 15.Rad1 b5
16.axb5 axb5 17.Ba7 Ra8 18.Bd4 Qb8 19.Nxb5 Bxe4 20.Nxe4 Nxe4 21.Bxe4 Rxe4
22.Bxg7 Qxb5 23.Bc3 Re2 24.Qd4 Qc5 25.Rf2 Qxd4 26.Bxd4 Rxf2 27.Kxf2 f5 28.Ke2 Kf7
29.Kd3 Nf8 30.g3 Ne6 31.b3 Ra2 32.Be3 h5 33.Rb1 Ra8 34.Kc3 Ke7 35.Kb2 Kd7
36.Kc3 Kc6 37.Rg1 Rf8 38.Kd3 Kd5 39.c4+ Kc6 40.Ra1 Rb8 41.Kc3 Kd7 42.Rd1 Ke7
43.h4 Ra8 44.Kb2 c5 45.Ra1 Rxa1 46.Kxa1 Kd7 47.Kb2 Kc6 48.Kc3 d5 49.cxd5+ Kxd5
50.Kd3 Nc7 51.Bd2 Nb5 52.Bc3 Nd6 53.Bd2 Ne4 54.Be1 Kc6 55.Kc4 Nd6+ 56.Kd3 Kb5
57.Bc3 Ne4 58.Be1 Nf6 59.Bc3 Nd5 60.Be1 Kc6 61.Bf2 Nf6 62.Kc4 Ne4 63.Be1 Nd6+
64.Kd3 Kd5 65.Bc3 Nb5 66.Be5 Na3 67.Bb2 c4+ 68.bxc4+ Nxc4 69.Bc3 Nd6 70.Bd2 Ne4
71.Be1 Nc5+ 72.Ke3 Kc4 73.Ba5 Ne4 74.Be1 Nf6 75.Ba5 Nd5+ 76.Kf3 Kd3 77.Be1 Ne3
78.Ba5 Nc2 79.Bb6 Na1 80.Bc5 Kd2 81.Bb4+ Kd1 82.Ba5 Nb3 83.Bb6  1/2-1/2

[Event "ch-TUR"]
[Site "Kemer-Antalya TUR"]
[Date "2011.02.08"]
[Round "5"]
[White "Yaver,Faik Emre"]
[Black "Bapoglu,I"]
[Result "1-0"]
[WhiteElo "1627"]
[BlackElo "1900"]

1.e4 g6 2.d4 Bg7 3.Nc3 d6 4.Be3 Nf6 5.Qd2 O-O 6.Be2 b6 7.O-O-O Bb7 8.f3 a5
9.Bh6 Ba6 10.Bxg7 Kxg7 11.h4 h5 12.g4 Rh8 13.g5 Nfd7 14.f4 Bxe2 15.Ngxe2 e6
16.Ng3 Na6 17.f5 e5 18.Rhf1 Qe8 19.Rf2 exd4 20.Qxd4+ Qe5 21.Qe3 Qc5 22.Qe2 Nb4
23.Rdf1 Ne5 24.a3 Nbc6 25.fxg6 fxg6 26.Rf6 Raf8 27.Nd5 Ng4 28.Nxc7 Nd4 29.Ne6+ Nxe6
30.Rxe6 Rxf1+ 31.Qxf1 Rf8 32.Re7+ Kg8 33.Qd3 Qg1+ 34.Kd2 Qf2+ 35.Ne2 Ne5
36.Qd5+ Kh8 37.b3 Qxh4 38.Qxd6 Qxg5+ 39.Kc3 Nf3 40.Kb2 Qf6+ 41.e5 Nxe5 42.Qxe5 Qxe5+
43.Rxe5 Kg7 44.Rb5 Rf6 45.Kc1 h4 46.Rg5 Kh6 47.Rg1 g5 48.Kd2 Kh5 49.Nc3 Rf2+
50.Ne2 g4 51.Ke1 Rf8 52.Rf1 Rc8 53.c4 g3 54.Rf6 Rb8 55.Kf1 Kg5 56.Rf7 Re8
57.Rg7+ Kh6 58.Rf7 Kg6 59.Rf3 Kg5 60.Nxg3 Kg4 61.Kf2 hxg3+ 62.Rxg3+ Kf5 63.Rf3+ Kg6
64.Re3 Rb8 65.Ke2 b5 66.c5 Kf6 67.Kd3 Rd8+ 68.Kc3 Rh8 69.a4 bxa4 70.bxa4 Rh4
71.c6 Rh1 72.Kc4 Rc1+ 73.Rc3 Rxc3+ 74.Kxc3 Ke7 75.Kc4 Kd8 76.Kc5 Kc7 77.Kb5  1-0

[Event "FSIM February"]
[Site "Budapest HUN"]
[Date "2011.02.09"]
[Round "5"]
[White "Korpa,B"]
[Black "Szablowski,P"]
[Result "1/2-1/2"]
[WhiteElo "2165"]
[BlackElo "2340"]

1.e4 g6 2.d4 Bg7 3.Nc3 d6 4.g3 Nf6 5.h3 O-O 6.Bg2 Nbd7 7.Nge2 c5 8.O-O cxd4
9.Nxd4 a6 10.Be3 Qc7 11.a4 Ne5 12.Bg5 e6 13.Nce2 h6 14.Bc1 Nc6 15.b3 d5 16.exd5 Nxd4
17.Nxd4 Nxd5 18.Bxd5 exd5 19.Kg2 Re8 20.Bb2 Bd7 21.Qd2 Re4 22.f3 Re5 23.Rfe1 Rae8
24.Rxe5 Qxe5 25.Bc3 g5 26.Qd3 Qf6 27.Rd1 h5 28.Ba1 g4 29.hxg4 hxg4 30.Rh1 Qg6
31.Qxg6 fxg6 32.Kf2 Rf8 33.f4 Rc8 34.Re1 Kf7 35.Re2 b5 36.a5 b4 37.Ke3 Rc5
38.Kd3 Rxa5 39.Bb2 Ra2 40.c3 Bf5+ 41.Ke3 bxc3 42.Bxc3 Ra3 43.Rb2 Kg8 44.Re2 Be4
45.Re1 Ra2 46.Re2 Ra3 47.Re1 Bxd4+ 48.Kxd4 Rxb3 49.Ra1 Rb6 50.Kc5 Re6 51.Ra2 Bf3
52.Bd4 Kf7 53.Rb2 Be4 54.Be5 Re7 55.Ra2 Re6 56.Rb2 Re7 57.Ra2 Ra7 58.Kb6 Re7
59.Kxa6 Rxe5 60.fxe5 Ke6 61.Kb5 Kxe5 62.Kc5 Bf3 63.Ra4 g5 64.Rb4 Be4 65.Rd4 Bf3
66.Ra4 Be2 67.Rd4 Bf3 68.Rb4 Be2 69.Rb2 Bc4 70.Rc2 Ke4 71.Rc3 Be2 72.Ra3 d4
73.Ra4 Kf3 74.Kxd4 Kxg3 75.Ke3 Bf3  1/2-1/2

[Event "FSFMC February"]
[Site "Budapest HUN"]
[Date "2011.02.10"]
[Round "6"]
[White "Grimm,G"]
[Black "Czipp,J"]
[Result "1-0"]
[WhiteElo "1815"]
[BlackElo "1632"]

1.e4 g6 2.d4 Bg7 3.Nc3 d6 4.Be3 c6 5.Qd2 e5 6.dxe5 Bxe5 7.Bd4 Qf6 8.O-O-O Bxd4
9.Qxd4 Qxd4 10.Rxd4 Ke7 11.Nf3 Nh6 12.Be2 f6 13.Rhd1 Rd8 14.h3 Be6 15.R4d2 Nf7
16.Nd4 Bc8 17.Bc4 Ne5 18.Bb3 Na6 19.f4 Nd7 20.Ne6 Ndc5 21.Nxd8 Nxb3+ 22.axb3 Kxd8
23.Rxd6+ Ke7 24.R6d2 Nc5 25.Na4 Nd7 26.b4 b5 27.Nc5 Nb6 28.Rd6  1-0